Central Library OPAC University of Rajshahi

The life of Shakespeare / (Record no. 17563)

MARC details
000 -LEADER
fixed length control field 00890cam a22002771 4500
001 - CONTROL NUMBER
control field 17563
003 - CONTROL NUMBER IDENTIFIER
rucl marc code BD-RjUL
005 - DATE AND TIME OF LATEST TRANSACTION
control field 20211209000148.0
008 - FIXED-LENGTH DATA ELEMENTS--GENERAL INFORMATION
fixed length control field 140217t1961 e 001 0 eng
035 ## - SYSTEM CONTROL NUMBER
System control number (BD-RjUL) 17621
System control number (OCoLC)353820
040 ## - CATALOGING SOURCE
Original cataloging agency DLC
Transcribing agency ODaWU
Modifying agency OCoLC
-- Uk
-- DLC
-- BD-RjUL
Language of cataloging eng
041 ## - LANGUAGE CODE
Language code of text/sound track or separate title eng
082 04 - DEWEY DECIMAL CLASSIFICATION NUMBER
Classification number 822.33
Author mark and year HAL 1961
100 1# - MAIN ENTRY--PERSONAL NAME
Personal name Halliday, F. E.
Fuller form of name (Frank Ernest),
Dates associated with a name 1903-
9 (RLIN) 54125
245 14 - TITLE STATEMENT
Title The life of Shakespeare /
260 ## - PUBLICATION, DISTRIBUTION, ETC. (IMPRINT)
Place of publication, distribution, etc. London :
Name of publisher, distributor, etc. G. Duckworth,
Date of publication, distribution, etc. c1961.
300 ## - PHYSICAL DESCRIPTION
Pagination 248 p. :
Illustrations ill.,
Size 24 cm.
504 ## - BIBLIOGRAPHY, ETC. NOTE
Bibliography, etc Includes bibliographical reference and index.
600 10 - SUBJECT ADDED ENTRY--PERSONAL NAME
Personal name Shakespeare, William,
Dates associated with a name 1564-1616
650 #0 - SUBJECT ADDED ENTRY--TOPICAL TERM
Topical term or geographic name as entry element Dramatists, English
Chronological subdivision Early modern, 1500-1700
Form subdivision Biography.
9 (RLIN) 54127
651 #0 - SUBJECT ADDED ENTRY--GEOGRAPHIC NAME
Geographic name Stratford-upon-Avon (England)
Form subdivision Biography.
9 (RLIN) 54128
942 ## - ADDED ENTRY ELEMENTS (KOHA)
Source of classification or shelving scheme Dewey Decimal Classification
Koha item type Books
Holdings
Lost status Source of classification or shelving scheme Damaged status Not for loan Collection code Permanent Location Current Location Shelving location Date acquired Source of acquisition Cost, normal purchase price Total Checkouts Full call number Date last seen Copy number Koha item type
  Dewey Decimal Classification   Not For Loan Non-fiction Central Library, University of Rajshahi Central Library, University of Rajshahi Reading Room 13/03/1964 Zeitlinger 25.00   822.33 HAL 1961 17/02/2014 C-1 Books
  Dewey Decimal Classification     Non-fiction Central Library, University of Rajshahi Central Library, University of Rajshahi   17/03/1964 Mohiuddin & sons 4.00   822.33 HAL 1963 12/11/2016 C-2 Books